00954nam a2200265Ia 4500008004100000020002200041050001700063050001400080245004000094245006900134245003200203260002700235260004200262260000900304300001600313300002000329300001100349650003400360650003100394650004000425650002200465650005900487999001900546952012300565180523s9999 xx 000 0 und d a978-1-62361-125-5 aMAIN HD 4905 b.C45 2012 0aChicken soup for the soul at work / 0bstories of courage, compassion and creativity in the workplace / 0cJack Canfield... [[et al].] aDeerfield Beach, Fla : bChicken Soup for the Soul Publishing, c2012 a413 pages : billustrations ; c18 cm. aEmployees -- Conduct of life. aInspiration -- Anecdotes.  aWork -- Moral and ethical aspects.  x Spiritual life.  xInterpersonal relations -- Moral and ethical aspects.  c356890d356890 001040aSMCbSMCcMAINd2014-07-10g295.00l0oMAIN HD 4905 .C45 2012pSMC05939r2018-05-23 00:00:00w2018-05-23yBK